00455nam a2200157Ia 4500008004100000082002100041100002100062245004700083250000600130260001900136300000600155600002100161630004700182700002100229730004700250151018s9999 xx 000 0 und d bRBASDV48304a823 aAparna Namabiar aWatting for grandma & the best gift of all b1 bDC Booksc2008 a0 aAparna Namabiar aWatting for grandma & the best gift of all aAparna Namabiar aWatting for grandma & the best gift of all